| 000 | 00593nam a22002057a 4500 | ||
|---|---|---|---|
| 003 | OSt | ||
| 005 | 20170518094825.0 | ||
| 008 | 160620b xxu||||| |||| 00| 0 eng d | ||
| 020 | _a323014399 | ||
| 040 |
_aMMU _bMMU _cMMU _dMMU |
||
| 050 |
_aRB 113 _b.M35 2002 |
||
| 100 | _aSuee,Kathryn L. | ||
| 245 |
_aAthophysiology ; _bthe biologic basis for disease in adults &children(4th ed) / _cKathryn L Sue E. |
||
| 260 |
_aST Louis _bMosby _c2002 |
||
| 300 | _aix,327p. | ||
| 650 | _aPathophysiology | ||
| 700 | _aClayton | ||
| 942 |
_2lcc _cLOAN LOAN |
||
| 980 | _a^d20130507 12:16:39^oanne | ||
| 999 |
_c13075 _d13075 |
||